header

God of Abraham (Record no. 51682)

MARC details
000 -LEADER
fixed length control field 01123nam a2200301Ia 4500
100 1# - MAIN ENTRY--AUTHOR NAME
Personal name Goodman, Lenn Evan,
245 10 - TITLE STATEMENT
Title God of Abraham
260 ## - PUBLICATION, DISTRIBUTION, ETC. (IMPRINT)
Place of publication New York :
Name of publisher Oxford University Press,
Year of publication 1996.
300 ## - PHYSICAL DESCRIPTION
Number of Pages xvii, 364 p.
650 #0 - SUBJECT ADDED ENTRY--TOPICAL TERM
Topical Term God (Judaism)
Topical Term Monotheism.
Topical Term Jewish philosophy.
856 40 - ELECTRONIC LOCATION AND ACCESS
Uniform Resource Identifier http://site.ebrary.com/lib/rucke/Doc?id=10087176

No items available.

© 2026 Rongo University
Contact us: librarian | system librarian | Rongo university